<?xml version="1.0" encoding="UTF-8"?>
<record
    xmlns:xsi="http://www.w3.org/2001/XMLSchema-instance"
    xsi:schemaLocation="http://www.loc.gov/MARC21/slim http://www.loc.gov/standards/marcxml/schema/MARC21slim.xsd"
    xmlns="http://www.loc.gov/MARC21/slim">

  <leader>00866    a2200181   4500</leader>
  <controlfield tag="003">Nust</controlfield>
  <controlfield tag="005">20221117125818.0</controlfield>
  <datafield tag="020" ind1=" " ind2=" ">
    <subfield code="a">9788131701843</subfield>
  </datafield>
  <datafield tag="040" ind1=" " ind2=" ">
    <subfield code="c">Nust</subfield>
  </datafield>
  <datafield tag="082" ind1=" " ind2=" ">
    <subfield code="a">621.38,RAJ</subfield>
  </datafield>
  <datafield tag="100" ind1=" " ind2=" ">
    <subfield code="a">G. S. N. Raju</subfield>
    <subfield code="9">102850</subfield>
  </datafield>
  <datafield tag="245" ind1=" " ind2=" ">
    <subfield code="a">Antennas and Wave Propagation /</subfield>
    <subfield code="c">G. S. N. Raju</subfield>
  </datafield>
  <datafield tag="260" ind1=" " ind2=" ">
    <subfield code="a">New Delhi</subfield>
    <subfield code="b">Pearson Education</subfield>
    <subfield code="c">2009</subfield>
  </datafield>
  <datafield tag="300" ind1=" " ind2=" ">
    <subfield code="a">xxii,487p.</subfield>
  </datafield>
  <datafield tag="505" ind1=" " ind2=" ">
    <subfield code="a">Introduction (Page-1), Mathematical Preliminaries (Page-9), Maxwell&#x2019;s Equations and Electromagnetic Waves (Page-55), Radiation and Antennas (Page-134), Analysis of Linear Arrays (Page-165), Array Synthesis (Page-208), HF,VHF and Uhf Antennas (Page-238), Microwave Antennas (Page-294), Antenna Measurements (Page-352), Wave Propagation (Page-383), Multiple Choice Questions (Page-445), Bibliography (Page-461).</subfield>
  </datafield>
  <datafield tag="610" ind1=" " ind2=" ">
    <subfield code="a">Telecommunication Engineering</subfield>
    <subfield code="9">102851</subfield>
  </datafield>
  <datafield tag="942" ind1=" " ind2=" ">
    <subfield code="2">ddc</subfield>
    <subfield code="c">BK</subfield>
  </datafield>
  <datafield tag="999" ind1=" " ind2=" ">
    <subfield code="c">189449</subfield>
    <subfield code="d">189449</subfield>
  </datafield>
  <datafield tag="952" ind1=" " ind2=" ">
    <subfield code="0">0</subfield>
    <subfield code="1">0</subfield>
    <subfield code="2">ddc</subfield>
    <subfield code="4">0</subfield>
    <subfield code="7">0</subfield>
    <subfield code="a">MCS</subfield>
    <subfield code="b">MCS</subfield>
    <subfield code="c">GEN</subfield>
    <subfield code="d">2016-12-12</subfield>
    <subfield code="o">621.38,RAJ</subfield>
    <subfield code="p">MCS35097</subfield>
    <subfield code="r">2016-12-08</subfield>
    <subfield code="w">2016-12-12</subfield>
    <subfield code="y">BK</subfield>
    <subfield code="z">Almirah No.30, Shelf No.5</subfield>
  </datafield>
</record>
